[Event "Airthings Masters Div 3 L"]
[Site "Chess.com INT"]
[Date "2023.02.07"]
[Round "4.1"]
[White "Pranav, V."]
[Black "Demidovich, Mikhail"]
[Result "1-0"]
[WhiteElo "2545"]
[BlackElo "1482"]
[PlyCount "89"]
[EventDate "2023.02.06"]
[EventType "k.o. (rapid)"]
[EventRounds "7"]
[EventCountry "USA"]
[SourceTitle "CBM 212 Extra"]
[Source "ChessBase"]
[SourceDate "2023.03.31"]
[SourceVersion "1"]
[SourceVersionDate "2023.03.31"]
[SourceQuality "1"]

1. e4 Nf6 2. e5 Nd5 3. d4 d6 4. c4 Nb6 5. f4 dxe5 6. fxe5 c5 7. d5 g6 8. Nf3 Bg7 9. h3 0-0 10. Bd3 e6 11. d6 Nc6 12. Qe2 f6 13. Nc3 fxe5 14. Ne4 Nd4 15. Nxd4 exd4 16. Bg5 Qe8 17. Be7 Rf7 18. Nxc5 Rxe7 19. dxe7 Qxe7 20. Ne4 e5 21. 0-0 Be6 22. a3 Nd7 23. b4 Bh6 24. c5 Bf4 25. Bc4 Nf8 26. g3 Be3+ 27. Kg2 Rd8 28. Rf6 Kh8 29. Raf1 Bf5 30. Qf3 Ne6 31. Bxe6 Bxe6 32. Nd6 e4 33. Qxe4 Rxd6 34. Rf8+ Kg7 35. R1f7+ Bxf7 36. Qxe7 Rf6 37. Rg8+ Kxg8 38. Qxf6 Bd5+ 39. Kh2 Bc6 40. Qe7 a6 41. a4 h5 42. b5 axb5 43. axb5 Bf3 44. c6 bxc6 45. bxc6 1-0

[Event "Airthings Masters Div 3 L"]
[Site "Chess.com INT"]
[Date "2023.02.06"]
[Round "1.3"]
[White "Demidovich, Mikhail"]
[Black "Keymer, Vincent"]
[Result "1-0"]
[WhiteElo "1482"]
[BlackElo "2690"]
[PlyCount "99"]
[EventDate "2023.02.06"]
[EventType "k.o. (rapid)"]
[EventRounds "7"]
[EventCountry "USA"]
[SourceTitle "CBM 212 Extra"]
[Source "ChessBase"]
[SourceDate "2023.03.31"]
[SourceVersion "1"]
[SourceVersionDate "2023.03.31"]
[SourceQuality "1"]

1. Nf3 d5 2. g3 Bg4 3. Ne5 Bf5 4. Bg2 c6 5. d4 Nd7 6. 0-0 e6 7. c4 Ngf6 8. Nc3 Be7 9. Qb3 Qb6 10. Nxd7 Nxd7 11. e4 dxe4 12. Nxe4 0-0 13. Be3 Nf6 14. Nc5 Bxc5 15. dxc5 Qc7 16. Qc3 Rfe8 17. Rfd1 Rad8 18. Bf4 Rxd1+ 19. Rxd1 e5 20. Bg5 Ne4 21. Qf3 Nxg5 22. Qxf5 Ne6 23. b4 a5 24. a3 h6 25. Rd6 axb4 26. axb4 Nf8 27. h4 Qe7 28. b5 e4 29. bxc6 bxc6 30. Rxc6 e3 31. fxe3 Qxe3+ 32. Kh2 Ne6 33. Bd5 Qe2+ 34. Kh3 h5 35. Rb6 g6 36. Qf6 Qg4+ 37. Kg2 Qe2+ 38. Qf2 Nf4+ 39. gxf4 Qg4+ 40. Kh2 Re7 41. Rb2 Ra7 42. Qg3 Qf5 43. Qg5 Qd3 44. Qh6 Ra8 45. Bxa8 Qd8 46. Bf3 Qxh4+ 47. Kg2 Qd8 48. c6 Qc7 49. Bd5 Qd6 50. c7 1-0